| 000 | 00455nam a2200193Ia 4500 | ||
|---|---|---|---|
| 008 | 170918s9999 xx 000 0 und d | ||
| 020 | _a9780545035170 | ||
| 050 | _bS859 1993 | ||
| 100 | _aStine, R.L. | ||
| 245 | _aNight of the living dummy / | ||
| 245 | _cby R.L. Stine. | ||
| 260 | _aNew York : | ||
| 260 | _bScholastic, | ||
| 260 | _c1993 | ||
| 300 | _a132 pages : | ||
| 300 | _billustrations ; | ||
| 300 | _c19cm. | ||
| 300 | _eGoosebumps. | ||
| 999 |
_c343832 _d343832 |
||